Serie población y desarrollo (Registro nro. 8939)
[ vista simple ]
| 000 -LEADER | |
|---|---|
| fixed length control field | 01097nas a2200289 454500 |
| 001 - CONTROL NUMBER | |
| control field | 45981 |
| 005 - DATE AND TIME OF LATEST TRANSACTION | |
| control field | 20260407193511.0 |
| 008 - FIXED-LENGTH DATA ELEMENTS--GENERAL INFORMATION | |
| fixed length control field | 260407s1999####ag###########|||spa#d |
| 003 - CONTROL NUMBER IDENTIFIER | |
| control field | AR-UNSa-BCEJYS |
| 040 ## - CATALOGING SOURCE | |
| Original cataloging agency | AR-UNSa-BCEJYS |
| Language of cataloging | spa |
| Transcribing agency | AR-UNSa-BCEJYS |
| 080 ## - UNIVERSAL DECIMAL CLASSIFICATION NUMBER | |
| Universal Decimal Classification number | 338.2 |
| Common auxiliary subdivision | Política económica. Control de la economía. Gestión de la economía. Planificación económica |
| 022 ## - INTERNATIONAL STANDARD SERIAL NUMBER | |
| International Standard Serial Number | 1680-8991 |
| 041 ## - LANGUAGE CODE | |
| Language code of text/sound track or separate title | spa |
| 100 1# - MAIN ENTRY--PERSONAL NAME | |
| Personal name | Naciones Unidas. Comisión Económica para América Latina y el Caribe (CEPAL) |
| 245 10 - TITLE STATEMENT | |
| Title | Serie población y desarrollo |
| 264 #1 - PRODUCTION, PUBLICATION, DISTRIBUTION, MANUFACTURE, AND COPYRIGHT NOTICE | |
| Place of production, publication, distribution, manufacture | Santiago de Chile : |
| Name of producer, publisher, distributor, manufacturer | CEPAL (Comisión Económica para América Latina y el Caribe) |
| Date of production, publication, distribution, manufacture, or copyright notice | 1999 |
| 310 ## - CURRENT PUBLICATION FREQUENCY | |
| Current publication frequency | Frecuencia: Irregular |
| 590 ## - LOCAL NOTE (RLIN) | |
| Local note | niveau_biblio:s niveau_hierar:1 |
| 650 ## - SUBJECT ADDED ENTRY--TOPICAL TERM | |
| Topical term or geographic name entry element | Desarrollo económico y social |
| 650 ## - SUBJECT ADDED ENTRY--TOPICAL TERM | |
| Topical term or geographic name entry element | Pobreza |
| 650 ## - SUBJECT ADDED ENTRY--TOPICAL TERM | |
| Topical term or geographic name entry element | Demografía |
| 650 ## - SUBJECT ADDED ENTRY--TOPICAL TERM | |
| Topical term or geographic name entry element | Población |
| 650 ## - SUBJECT ADDED ENTRY--TOPICAL TERM | |
| Topical term or geographic name entry element | Desarrollo regional |
| 700 1# - ADDED ENTRY--PERSONAL NAME | |
| Personal name | Centro Latinoamericano y Caribeño de Demografía (CELADE) |
| 856 41 - ELECTRONIC LOCATION AND ACCESS | |
| Uniform Resource Identifier | <a href="https://www.biblioeco.unsa.edu.ar/pmb/images/revistas/R21822.jpg">https://www.biblioeco.unsa.edu.ar/pmb/images/revistas/R21822.jpg</a> |
| Link text | Imagen de portada |
| Electronic format type | image/jpeg |
| 942 ## - ADDED ENTRY ELEMENTS (KOHA) | |
| Koha item type | |
| Withdrawn status | Lost status | Damaged status | Not for loan | Home library | Current library | Shelving location | Date acquired | Serial enumeration / chronology | Total checkouts | Full call number | Barcode | Date last seen | Price effective from | Koha item type |
|---|---|---|---|---|---|---|---|---|---|---|---|---|---|---|
| Biblioteca Prof. Eusebio Cleto del Rey | Biblioteca Prof. Eusebio Cleto del Rey | 01/06/2004 | Nº 53 - jun. 2004 | H338.2 SPD 53 | R21822 | 10/04/2026 | 10/04/2026 | Numero |